Land Terrier marks out its territory (Record no. 72142)
[ view plain ]
| 000 -LEADER | |
|---|---|
| fixed length control field | 01343cam a2200241 4500 |
| 001 - CONTROL NUMBER | |
| control field | ABS66443 |
| 008 - FIXED-LENGTH DATA ELEMENTS--GENERAL INFORMATION | |
| fixed length control field | 030224n2003 000 0 eng u |
| 035 ## - SYSTEM CONTROL NUMBER | |
| System control number | (Sirsi) u121411 |
| 100 ## - MAIN ENTRY--PERSONAL NAME | |
| Personal name | Wallis, J. |
| 245 ## - TITLE STATEMENT | |
| Title | Land Terrier marks out its territory |
| 260 ## - PUBLICATION, DISTRIBUTION, ETC. | |
| Date of publication, distribution, etc. | 2003 |
| 490 ## - SERIES STATEMENT | |
| Series statement | Estates Gazette |
| Volume/sequential designation | (0307) 15 February 2003, 122-123(2) |
| 520 ## - SUMMARY, ETC. | |
| Summary, etc. | Explains how the Land Terrier system, created to co-ordinate the property data required for the Channel Tunnel Rail Link, can help the property industry comply with the Land Registration Act 2003. The Land Terrier system uses a number of data processing software packages such as Geomedia Professional and an Oracle database to store all information about a property. It has also been designed to accept data from electronic property details downloaded from HM Land Registry. Outlines the different components of Land Terrier and describes how it can help property owners by automating property transactions and filling out forms, two requirements of the Land Registration Act 2003. |
| 590 ## - LOCAL NOTE (RLIN) | |
| Local note | ABS |
| 650 ## - SUBJECT ADDED ENTRY--TOPICAL TERM | |
| Topical term or geographic name entry element | LAND REGISTRATION ACT 2003 |
| 650 ## - SUBJECT ADDED ENTRY--TOPICAL TERM | |
| Topical term or geographic name entry element | PROPERTY INDUSTRY |
| 650 ## - SUBJECT ADDED ENTRY--TOPICAL TERM | |
| Topical term or geographic name entry element | LAND TERRIER |
| 650 ## - SUBJECT ADDED ENTRY--TOPICAL TERM | |
| Topical term or geographic name entry element | PROPERTY DATA |
| 650 ## - SUBJECT ADDED ENTRY--TOPICAL TERM | |
| Topical term or geographic name entry element | LAND REGISTRATION |
| 650 ## - SUBJECT ADDED ENTRY--TOPICAL TERM | |
| Topical term or geographic name entry element | PROPERTY SOFTWARE |
| 690 ## - LOCAL SUBJECT ADDED ENTRY--TOPICAL TERM (OCLC, RLIN) | |
| Topical term or geographic name as entry element | MANAGEMENT-BUSINESS MANAGEMENT-INFORMATION MANAGEMENT |
| 942 ## - ADDED ENTRY ELEMENTS (KOHA) | |
| Suppress in OPAC | 0 |
| Withdrawn status | Lost status | Source of classification or shelving scheme | Damaged status | Not for loan | Home library | Current library | Shelving location | Date acquired | Total Checkouts | Full call number | Barcode | Date last seen | Copy number | Price effective from | Koha item type |
|---|---|---|---|---|---|---|---|---|---|---|---|---|---|---|---|
| Dewey Decimal Classification | London | London | Journal article | 24/02/2003 | ABS66443 | 121411-1001 | 06/08/2019 | 1 | 06/08/2019 | Journal article |